| 000 | 00575nam a2200169Ia 4500 | ||
|---|---|---|---|
| 003 | GCL | ||
| 008 | 140319s9999 xx 000 0 ara d | ||
| 040 |
_aGCL / _cGCL |
||
| 082 | 0 | 4 |
_a375 _bف م |
| 100 | 1 | _aفردريك معتوق | |
| 245 | 1 | 0 |
_aمنهجية العلوم الاجتماعية عند العرب وفى الغرب / _cفردريك معتوق |
| 260 |
_a[S.N] : _bالمؤسسة الجامعية للدراسات والنشر والتوزيع ، _c1985 |
||
| 300 | _a147 ص | ||
| 490 | _a | ||
| 650 | 0 | 4 | _aالعلوم الاجتماعية |
| 942 |
_2ddc _cBK |
||
| 999 |
_c46131 _d46131 |
||